Arturo Benedetti Michelangeli (Record no. 98971)

MARC details
000 -LEADER
fixed length control field 01521njm a2200325Ia 4500
001 - CONTROL NUMBER
control field 26489
003 - CONTROL NUMBER IDENTIFIER
control field IT-RoPAU
005 - DATE AND TIME OF LATEST TRANSACTION
control field 20220918181111.0
008 - FIXED-LENGTH DATA ELEMENTS--GENERAL INFORMATION
fixed length control field 131025s9999 xx 000 0 und d
040 ## - CATALOGING SOURCE
Original cataloging agency IT-RoPAU
040 ## - CATALOGING SOURCE
Transcribing agency IT-RoPAU
999 ## - SYSTEM CONTROL NUMBERS (KOHA)
Koha Dewey Subclass [OBSOLETE] n.d.
100 ## - MAIN ENTRY--PERSONAL NAME
Personal name AA.VV.
9 (RLIN) 794
100 ## - MAIN ENTRY--PERSONAL NAME
Relator term Autore musica
9 (RLIN) 15754
100 ## - MAIN ENTRY--PERSONAL NAME
Miscellaneous information Codice autore musica SPICS: 12000
9 (RLIN) 796
245 ## - TITLE STATEMENT
Title Arturo Benedetti Michelangeli
250 ## - EDITION STATEMENT
Edition statement 1a ed.
260 ## - PUBLICATION, DISTRIBUTION, ETC. (IMPRINT)
Place of publication, distribution, etc. ROMA
260 ## - PUBLICATION, DISTRIBUTION, ETC. (IMPRINT)
Name of publisher, distributor, etc. SPICS RECORDS
Date of publication, distribution, etc. 1985 [1a Ed.:1952]
300 ## - PHYSICAL DESCRIPTION
Extent MUSICASSETTA
300 ## - PHYSICAL DESCRIPTION
Dimensions 103 minuti (Testo: pag.)
500 ## - GENERAL NOTE
General note Musica classica, strumentale.
505 ## - FORMATTED CONTENTS NOTE
Formatted contents note Sonata n 3 in do mag op 2 (37:00) - Valses nobles et sentimentales (18:00) - Sonata per pianoforte in la maggiore L 483 (4:00) - Sonata per pianoforte in re maggiore L 461 (4:00) - Sonata per pianoforte in si minore L 449 (3:00)
650 ## - SUBJECT ADDED ENTRY--TOPICAL TERM
Topical term or geographic name as entry element ARRANGIAMENTO [CASSETTE]
Relator term Codice MATERIA SPICS: 9951
9 (RLIN) 15755
700 ## - ADDED ENTRY--PERSONAL NAME
Personal name Benedetti Michelangeli Arturo
Relator term Autore
Miscellaneous information Codice autore SPICS: 26399
9 (RLIN) 15756
700 ## - ADDED ENTRY--PERSONAL NAME
Personal name Beethoven Ludwig Van
Relator term Autore musica
Miscellaneous information Codice autore musica SPICS: 10721
Name of part/section of a work Sonata n 3 in do mag op 2
9 (RLIN) 15757
700 ## - ADDED ENTRY--PERSONAL NAME
Personal name Ravel Maurice
Relator term Autore musica
Miscellaneous information Codice autore musica SPICS: 2180
Name of part/section of a work Valses nobles et sentimentales
9 (RLIN) 15758
700 ## - ADDED ENTRY--PERSONAL NAME
Personal name Scarlatti Domenico
Relator term Autore musica
Miscellaneous information Codice autore musica SPICS: 11386
Name of part/section of a work Sonata per pianoforte in la maggiore L 483 - Sonata per pianoforte in re maggiore L 461 - Sonata per pianoforte in si minore L 449
9 (RLIN) 15759
942 ## - ADDED ENTRY ELEMENTS (KOHA)
Koha item type MUSICASSETTE
Source of classification or shelving scheme Dewey Decimal Classification
Holdings
Withdrawn status Lost status Damaged status Not for loan Home library Current library Date acquired Total Checkouts Full call number Date last seen Price effective from Koha item type Public note
    Buone Condizioni Not For Loan SPICS-MEDIATECA SPICS-MEDIATECA 25/10/2013   26489 25/10/2013 25/10/2013 MUSICASSETTE Progr. Ins.: 6048 / N.Vol.: 1 / Copie: 1 - Copia rara: n.d. / date import: 01.01.2014 - By Epidotti, Trombetti, Vaglietti
CREDITS: SOCIETA' SAN PAOLO Via A.Severo, 58 - ROMA (RM) & PERIODICI SAN PAOLO SRL Via Giotto, 36 MILANO & CISF Via Giotto, 36 MILANO & EDIZIONI SAN PAOLO SRL,  Piazza Soncino, 5 CINISELLO BALSAMO (MI) -- ITALY